|
|
|
|
| LEADER |
02924nam a2200505 4500 |
| 001 |
978-3-540-36518-1 |
| 003 |
DE-He213 |
| 005 |
20191028101623.0 |
| 007 |
cr nn 008mamaa |
| 008 |
121227s2003 gw | s |||| 0|eng d |
| 020 |
|
|
|a 9783540365181
|9 978-3-540-36518-1
|
| 024 |
7 |
|
|a 10.1007/BFb0121312
|2 doi
|
| 040 |
|
|
|d GrThAP
|
| 050 |
|
4 |
|a QD415-436
|
| 072 |
|
7 |
|a PNN
|2 bicssc
|
| 072 |
|
7 |
|a SCI013040
|2 bisacsh
|
| 072 |
|
7 |
|a PNN
|2 thema
|
| 082 |
0 |
4 |
|a 547
|2 23
|
| 245 |
1 |
0 |
|a Dendrimers V
|h [electronic resource] :
|b Functional and Hyperbranched Building Blocks, Photophysical Properties, Applications in Materials and Life Sciences /
|c edited by Christoph A. Schalley, Fritz Vögtle.
|
| 246 |
3 |
|
|a with contributions by numerous experts
|
| 250 |
|
|
|a 1st ed. 2003.
|
| 264 |
|
1 |
|a Berlin, Heidelberg :
|b Springer Berlin Heidelberg :
|b Imprint: Springer,
|c 2003.
|
| 300 |
|
|
|a XI, 275 p. 40 illus. in color.
|b online resource.
|
| 336 |
|
|
|a text
|b txt
|2 rdacontent
|
| 337 |
|
|
|a computer
|b c
|2 rdamedia
|
| 338 |
|
|
|a online resource
|b cr
|2 rdacarrier
|
| 347 |
|
|
|a text file
|b PDF
|2 rda
|
| 490 |
1 |
|
|a Topics in Current Chemistry,
|x 0340-1022 ;
|v 228
|
| 505 |
0 |
|
|a Hyperbranched (Meth)acrylates in Solution, Melt, and Grafted From Surfaces -- Metallodendrimers Composed of Organometallic Building Blocks -- An Adventure in Macromolecular Chemistry Based on the Achievements of Dendrimer Science: Molecular Design, Synthesis, and Some Basic Properties of Cyclic Porphyrin Oligomers to Create a Functional Nano-Sized Space -- Fullerodendrimers: Fullerene-Containing Macromolecules with Intriguing Properties -- Rotaxane Dendrimers -- Effect of Dendrimers on the Crystallization of Calcium Carbonate in Aqueous Solution -- Luminescent Dendrimers. Recent Advances -- Antenna Effects of Aromatic Dendrons and Their Luminescence Applications -- Dendrimers for Optoelectronic Applications -- Gene Transfer in Eukaryotic Cells Using Activated Dendrimers -- Antibody Dendrimers -- Erratum to: Rotaxane Dendrimers.
|
| 650 |
|
0 |
|a Organic chemistry.
|
| 650 |
|
0 |
|a Polymers .
|
| 650 |
1 |
4 |
|a Organic Chemistry.
|0 http://scigraph.springernature.com/things/product-market-codes/C19007
|
| 650 |
2 |
4 |
|a Polymer Sciences.
|0 http://scigraph.springernature.com/things/product-market-codes/C22008
|
| 700 |
1 |
|
|a Schalley, Christoph A.
|e editor.
|4 edt
|4 http://id.loc.gov/vocabulary/relators/edt
|
| 700 |
1 |
|
|a Vögtle, Fritz.
|e editor.
|4 edt
|4 http://id.loc.gov/vocabulary/relators/edt
|
| 710 |
2 |
|
|a SpringerLink (Online service)
|
| 773 |
0 |
|
|t Springer eBooks
|
| 776 |
0 |
8 |
|i Printed edition:
|z 9783642056277
|
| 776 |
0 |
8 |
|i Printed edition:
|z 9783540006695
|
| 776 |
0 |
8 |
|i Printed edition:
|z 9783662145951
|
| 830 |
|
0 |
|a Topics in Current Chemistry,
|x 0340-1022 ;
|v 228
|
| 856 |
4 |
0 |
|u https://doi.org/10.1007/BFb0121312
|z Full Text via HEAL-Link
|
| 912 |
|
|
|a ZDB-2-CMS
|
| 912 |
|
|
|a ZDB-2-BAE
|
| 950 |
|
|
|a Chemistry and Materials Science (Springer-11644)
|